kraje graniczace z polska w 30 sekund - Statystyki

Ogólne statystyki
  • Ten quiz został rozwiązany 222 razy
  • Średni wynik to 7 z 7
Statystyki odpowiedzi
Hint Odpowiedź % Poprawnych
1. niemcy
98%
7. rosja
98%
4. ukraina
96%
2. czechy
95%
3. slowacja
95%
5. bialorus
94%
6. litwa
93%
Nie znaleziono quizów pasujących do podanych kryteriów
Rozkład punktacji
Procent ludzi z każdym wynikiem
Percentyl według liczby udzielonych odpowiedzi
Twoja historia wyników
Nie rozwiązałeś tego quizu